000 00307nam a22001337a 4500
003 SGT
020 _a8175963646
082 _a080
_bT06P
100 _aPAUL, T.V.
245 _aTHE INDIA PAKISTAN CONFLICT ENDURING RIVALARY
260 _bCAMBRIDGE UNIVERSITY PRESS
_c2006
300 _a273
942 _2ddc
_cBK
999 _c31490
_d31490